000
00356nam a2200157Ia 4500
005
20250425161143.0
008
250425s9999 xx 000 0 und d
041
_a
eng
082
_a
540
245
0
_a
GENERAL CHEMISTRY; INORGANIC AND ORGANIC
250
_a
S.E.
260
_a
S.L.
260
_a
Sin Pais
_b
S.E.
_c
1960
942
_c
01
010
_a
13894
999
_c
203488
_d
203488